American General Knowledge by Letter - C - Statistics

General Stats
  • This quiz has been taken 89 times
    87 since last reset
  • The average score is 12 of 17
Answer Stats
Hint Answer % Correct
Most populous state California
97%
Music style associated with Nashville Country
96%
Often nicknamed "The Windy City" Chicago
91%
NFL team of Dallas Cowboys
91%
Well-known rectangular park in Manhattan Central Park
90%
Popular "cape" summer tourist destination for New Englanders Cape Cod
86%
City on the Ohio River known for Skyline Chili Cincinnati
71%
Largest city in North Carolina, also Bank of America's HQ Charlotte
70%
Capital of Wyoming Cheyenne
70%
River that (mostly) forms Oregon and Washington's border, also namesake of an Ivy League university Columbia
69%
Large bay in Virginia and Maryland Chesapeake
68%
City home to the Rock & Roll Hall of Fame Cleveland
65%
Ivy League university in Ithaca, NY Cornell
57%
Where the Senate and House of Representatives meet to legislate Capitol Building
56%
Mountain range in the northwest that extends into Canada Cascade
56%
Movement focused on ending segregation and racism towards African Americans Civil Rights
52%
Popular national park & lake in Oregon Crater Lake
44%
No matching quizzes found
Score Distribution
Percent of People with Each Score
Percentile by Number Answered
Your Score History
You have not taken this quiz since the last reset